| 000 | 00425nam a22001337a 4500 | ||
|---|---|---|---|
| 999 |
_c11105 _d11105 |
||
| 008 | 160406b xxu||||| |||| 00| 0 eng d | ||
| 020 | _a9966962239 | ||
| 050 | _aPL 8704 .K5W3 2012 | ||
| 100 |
_aWa Mberia, Kithaka _d2012 |
||
| 245 |
_aKifo kisimani / _cKithaka Wa Mberia |
||
| 260 |
_aNairobi : _bMarimba Publictaions Ltd., _c2012 |
||
| 300 | _avii, 105p. | ||
| 942 |
_2lcc _cAFRICANA _hPL 8704 .K5W3 2012 _010 |
||